Exclusión social: Sobre medición y sobre evaluación -algunos modelos- /
Bewaard in:
| Hoofdauteur: | |
|---|---|
| Andere auteurs: | , |
| Formaat: | Onbekend |
| Gepubliceerd in: |
San José:
FLACSO. Programa Costa Rica
|
| Onderwerpen: | |
| Tags: |
Voeg label toe
Geen labels, Wees de eerste die dit record labelt!
|
MARC
| LEADER | 00000 a2200000 04500 | ||
|---|---|---|---|
| 001 | 11834 | ||
| 003 | cru IIS | ||
| 005 | 20230530114337.0 | ||
| 008 | 991231s d | ||
| 040 | |c CRAI/IIS | ||
| 090 | |a 0005 M544p | ||
| 100 | |a Quinti, Gabriele |9 11373 | ||
| 245 | |a Exclusión social: Sobre medición y sobre evaluación -algunos modelos- / |c Gabriele Quintini | ||
| 260 | |a San José: |b FLACSO. Programa Costa Rica | ||
| 300 | |a 71-92 p. | ||
| 650 | |a SOCIEDAD | ||
| 650 | |a DESIGUALDAD SOCIAL | ||
| 650 | |a MARGINALIDAD | ||
| 650 | |a RECOPILACION DE DATOS | ||
| 650 | |a METODOLOGIA | ||
| 650 | |a MODELOS | ||
| 700 | |a | ||
| 700 | |a Kruijt, Dirk | ||
| 700 | |a | ||
| 700 | |a Van Vucht Tijssen, Lieteke | ||
| 700 | |a | ||
| 942 | |2 ddc |c LI | ||
| 999 | |c 16826 |d 16826 | ||
| 773 | 0 | |0 9386 |9 9106 |a Menjívar Larín, Rafael |d San José: FLACSO. Programa Costa Rica 1997 |o 04474 |t Pobreza, exclusión y política social / |w (cru CIDCACS/IIS)11832 | |
